000 00818nam a2200181Ia 4500
008 090630s9999 xx 000 0 und d
082 _b14750
100 _aडॉ. गुंदेकर श्रीराम.
245 _aमहात्मा ज्योतिबा फुले चरित्र.
_cडॉ. गुंदेकर श्रीराम.
260 _bप्रतिमा - पुणे.
_c1992
300 _a284
600 _aडॉ. गुंदेकर श्रीराम.
630 _aमहात्मा ज्योतिबा फुले चरित्र.
655 _aचरित्र.
700 _aडॉ. गुंदेकर श्रीराम.
730 _aमहात्मा ज्योतिबा फुले चरित्र.
942 _cBOOK
999 _c266606
_d266606